Appunti sulla "quasi possessio iuris" nell'opera dei giuristi medievali

Elmentve itt :
Bibliográfiai részletek
Szerző: Capogrossi Colognesi Luigi
Dokumentumtípus: Cikk
Sorozat:Kolligátum
Kulcsszavak:Jogtörténet - középkor
Online Access:http://misc.bibl.u-szeged.hu/23189
LEADER 00578nab a2200157 i 4500
001 misc23189
005 20191108150523.0
008 170821suuuu hu o 0|| zxx d
040 |a SZTE Miscellanea Repozitórium  |b hun 
041 |a zxx 
100 2 |a Capogrossi Colognesi Luigi 
245 1 0 |a Appunti sulla "quasi possessio iuris" nell'opera dei giuristi medievali  |h [elektronikus dokumentum] /  |c  Capogrossi Colognesi Luigi 
300 |a 67-127 
490 0 |a Kolligátum 
695 |a Jogtörténet - középkor 
856 4 0 |u http://misc.bibl.u-szeged.hu/23189/1/87515_067-127.pdf  |z Dokumentum-elérés